000 00685nam a22002177a 4500
003 OSt
005 20251215104833.0
008 251215b |||||||| |||| 00| 0 eng d
020 _a9781398847552
040 _cHS LRC
050 _aBL 2203
_b.S642 2024
100 _aSmith, R. Gordon
_9131127
245 _aJapanese myths and legends /
_cR. Gordon Smith.
260 _aLondon :
_bArcturus,
_cc2024.
300 _a254 pages ;
_c24 cm.
365 _b1,435.00
650 _aMythology, Japanese
_xJuvenile literature
_9131128
650 _aGods, Japanese
_xFolklore
_yJuvenile literature
_9131129
650 _aGoddesses, Japanese
_xFolklore
_yJuvenile literature
_9131130
942 _2lcc
_cBK
999 _c93852
_d93852